000
00210 a2200097 4500
001
12251
100
_a
Rizvi,Hassn
245
_a
Andaz-e-guftgu
260
_a
_b
Sang-e-Meel Publications
_c
090
_c
9485
_d
9485
942
_a
NUST-CAE
_c
M
_c
36361
999
_c
247324
_d
247324